<?xml version="1.0" encoding="UTF-8"?>
<collection xmlns:xsi="http://www.w3.org/2001/XMLSchema-instance" xsi:schemaLocation="http://www.loc.gov/MARC21/slim http://www.loc.gov/standards/marcxml/schema/MARC21slim.xsd" xmlns="http://www.loc.gov/MARC21/slim">
 <record>
  <leader>00000cam a22000001a 4500</leader>
  <controlfield tag="001">UP-1685675941123763601</controlfield>
  <controlfield tag="003">Buklod</controlfield>
  <controlfield tag="005">20071009080743.0</controlfield>
  <controlfield tag="006">a     r    |||| 1|</controlfield>
  <controlfield tag="007">ta</controlfield>
  <controlfield tag="008">790809s1947    nyuc    r    |000 0|eng d</controlfield>
  <datafield tag="035" ind1=" " ind2=" ">
   <subfield code="a">(iLib)UPTAC-00000006313</subfield>
  </datafield>
  <datafield tag="040" ind1=" " ind2=" ">
   <subfield code="a">UPVTC</subfield>
  </datafield>
  <datafield tag="041" ind1="1" ind2=" ">
   <subfield code="a">eng</subfield>
   <subfield code="h">ger</subfield>
  </datafield>
  <datafield tag="090" ind1=" " ind2="0">
   <subfield code="a">PT 2625 A44</subfield>
   <subfield code="b">A23</subfield>
  </datafield>
  <datafield tag="100" ind1="1" ind2=" ">
   <subfield code="a">Mann, Thomas</subfield>
   <subfield code="d">1875-1955.</subfield>
  </datafield>
  <datafield tag="245" ind1="1" ind2="0">
   <subfield code="a">Essays of three decades</subfield>
   <subfield code="c">translated from the German by H. T. Lowe-Porter.</subfield>
  </datafield>
  <datafield tag="250" ind1=" " ind2=" ">
   <subfield code="a">[1st American ed.].</subfield>
  </datafield>
  <datafield tag="264" ind1=" " ind2="1">
   <subfield code="a">New York</subfield>
   <subfield code="b">A. A. Knopf</subfield>
   <subfield code="c">1947.</subfield>
  </datafield>
  <datafield tag="300" ind1=" " ind2=" ">
   <subfield code="a">vii, 472, [4] p.</subfield>
   <subfield code="b">port.</subfield>
   <subfield code="c">22 cm.</subfield>
  </datafield>
  <datafield tag="505" ind1="0" ind2=" ">
   <subfield code="a">Goethe's Faust. 1938.--Goethe's career as a man of letters. 1932.--Goethe as representative of the bourgeois age. 1932.--Goethe and Tolstoy. 1922.--Anna Karenina. 1939.--Lessing. 1929.--Kleist's Amphitryon. 1926.--Chamisso, 1911.--Platen. 1930.--Theodor Storm. 1930.--The old Fontane. 1910.--Sufferings and greatness of Richard Wagner. 1933.--Richard Wagner and the Ring. 1937.--Schopenhauer. 1938.--Freud and the future. 1936.--Voyage with Don Quixote. 1934.--The principal works of Thomas Mann ([4] p. at end)</subfield>
  </datafield>
  <datafield tag="700" ind1="1" ind2=" ">
   <subfield code="a">Lowe-Porter, H. T.</subfield>
   <subfield code="q">(Helen Tracy)</subfield>
   <subfield code="d">1876-1963</subfield>
   <subfield code="e">tr.</subfield>
  </datafield>
  <datafield tag="905" ind1=" " ind2=" ">
   <subfield code="a">FO</subfield>
  </datafield>
  <datafield tag="852" ind1="0" ind2=" ">
   <subfield code="a">UPTAC</subfield>
   <subfield code="b">UPTAC</subfield>
   <subfield code="h">PT 2625 A44</subfield>
   <subfield code="i">A23</subfield>
  </datafield>
  <datafield tag="942" ind1=" " ind2=" ">
   <subfield code="a">Book</subfield>
  </datafield>
 </record>
</collection>
